| 000 | 00997nam a2200229 i 4500 | ||
|---|---|---|---|
| 001 | 44462 | ||
| 003 | ES-MaACL | ||
| 005 | 20250820063030.0 | ||
| 007 | t| | ||
| 008 | 030321s1930 sp ||||1| spa d | ||
| 100 | 1 |
_aCeballos y Fernández de Córdoba, Luis, _d1896-1967 _937284 |
|
| 245 | 1 | 0 |
_aEstudio sobre la vegetación forestal de la provincia de Cádiz : _bcomplemento al mapa forestal de la misma / _cpor Luis Ceballos y Manuel Martín Bolaños ; prólogo de Eladio Romero. |
| 260 |
_aMadrid : _bInstituto Forestal de Investigaciones y Experiencias, _c1930 ( _fTip. Artística) |
||
| 300 |
_aXVIII, 353 p., 18 lám., 1 gráf. pleg., 5 map. ; _c27 cm. |
||
| 500 | _aContiene: Mapa forestal de la provincia de Cádiz. | ||
| 650 | 4 |
_aBosques- _zCádiz. _9167269 |
|
| 700 | 1 |
_aMartín Bolaños, Manuel. _977421 |
|
| 700 | 1 |
_aRomero, Eladio. _999316 |
|
| 710 | 2 |
_aInstituto Forestal de Investigaciones y Experiencias. _95059 |
|
| 852 |
_aES-MaACL _jB-12065 |
||
| 999 |
_c44462 _d44462 |
||